| Tag |
First Indicator |
Second Indicator |
Subfields |
| LEADER |
00000cgm a2200000 a 4500 |
| 001 |
in00004644521 |
| 008 |
150929s2005 xx 094 o vleng d |
| 006 |
m o c |
| 007 |
cr ||||||||||| |
| 007 |
vz u|||z| |
| 005 |
20230127193410.2 |
| 035 |
|
|
|a (OCoLC)ocn922546784
|
| 040 |
|
|
|a MOSMP
|b eng
|c MOSMP
|d OCLCO
|d OCLCF
|d OCLCO
|d UII
|d MOSMP
|d OCLCQ
|d OCLCO
|d OCLCA
|d WIS
|d OCLCO
|d OCLCQ
|d OCLCO
|
| 035 |
|
|
|a (OCoLC)922546784
|
| 050 |
|
4 |
|a PN1997.2
|
| 082 |
0 |
4 |
|a 791.43/72
|2 23
|
| 130 |
0 |
|
|a Importance of being earnest (Motion picture : 2002)
|
| 245 |
1 |
4 |
|a The importance of being earnest /
|c screenplay by Oliver Parker ; produced by Barnaby Thompson ; directed by Oliver Parker.
|
| 264 |
|
1 |
|a [Place of publication not identified] :
|b Miramax,
|c 2002.
|
| 300 |
|
|
|a 1 online resource (1 video file (94 min.)) :
|b sound, color
|
| 336 |
|
|
|a two-dimensional moving image
|b tdi
|2 rdacontent
|
| 337 |
|
|
|a computer
|b c
|2 rdamedia
|
| 338 |
|
|
|a online resource
|b cr
|2 rdacarrier
|
| 511 |
1 |
|
|a Colin Firth, Frances O'Connor, Rupert Everett, Tom Wilkinson, Judi Dench, Reese Witherspoon.
|
| 500 |
|
|
|a Originally released as a motion picture in 2002.
|
| 521 |
8 |
|
|a CHV rating: PG.
|
| 520 |
|
|
|a Two English gentlemen use the same trick when meeting women, by saying their name is Ernest. Everything is going well until both men fall in love with the same girl, using the same pseudonym.
|
| 588 |
0 |
|
|a Vendor metadata.
|
| 508 |
|
|
|a Director of photography, Tony Pierce-Roberts ; editor, Guy Bensley ; music, Charlie Mole ; costume designer, Maurizio Millenotti ; production designer, Luciana Arrighi.
|
| 650 |
|
0 |
|a Aristocracy (Social class)
|v Drama.
|
| 650 |
|
0 |
|a Man-woman relationships
|v Drama.
|
| 650 |
|
0 |
|a Social norms
|v Drama.
|
| 650 |
|
7 |
|a Aristocracy (Social class)
|2 fast
|0 (OCoLC)fst00814463
|
| 650 |
|
7 |
|a Man-woman relationships.
|2 fast
|0 (OCoLC)fst01007080
|
| 650 |
|
7 |
|a Social norms.
|2 fast
|0 (OCoLC)fst01122692
|
| 655 |
|
7 |
|a Drama.
|2 fast
|0 (OCoLC)fst01423879
|
| 655 |
|
7 |
|a Feature films.
|2 fast
|0 (OCoLC)fst01710384
|
| 655 |
|
7 |
|a Fiction films.
|2 fast
|0 (OCoLC)fst01710264
|
| 655 |
|
7 |
|a Romantic comedy films.
|2 fast
|0 (OCoLC)fst01710433
|
| 655 |
|
7 |
|a Feature films.
|2 lcgft
|
| 655 |
|
7 |
|a Romantic comedy films.
|2 lcgft
|
| 655 |
|
7 |
|a Fiction films.
|2 lcgft
|
| 655 |
|
7 |
|a Comédies romantiques (Films)
|2 rvmgf
|
| 655 |
|
7 |
|a Films de fiction.
|2 rvmgf
|
| 700 |
1 |
|
|a Parker, Oliver,
|e screenwriter,
|e film director.
|
| 700 |
1 |
|
|a Thompson, Barnaby,
|e film producer.
|
| 700 |
1 |
|
|a Firth, Colin,
|d 1960-
|e actor.
|
| 700 |
1 |
|
|a O'Connor, Frances,
|d 1967-
|e actor.
|
| 700 |
1 |
|
|a Everett, Rupert,
|e actor.
|
| 700 |
1 |
|
|a Wilkinson, Tom,
|d 1948-
|e actor.
|
| 700 |
1 |
|
|a Dench, Judi,
|d 1934-
|e actor.
|
| 710 |
2 |
|
|a Miramax Films,
|e publisher.
|
| 856 |
4 |
0 |
|u http://proxy.library.tamu.edu/login?url=https://coral.library.tamu.edu/resourcelink.php?resource=16771
|z Connect to this streaming video (Swank Digital Campus)
|t 0
|
| 994 |
|
|
|a Z0
|b TXA
|
| 948 |
|
|
|h HELD BY TXA - 17 OTHER HOLDINGS
|
| 999 |
f |
f |
|s b761a358-f7d0-45dc-9f7a-b8ba57799795
|i a4969954-c2a8-42ea-b653-2a28ded74410
|t 0
|
| 952 |
f |
f |
|a Texas A&M University
|b College Station
|c Electronic Resources
|d Available Online
|t 0
|
| 998 |
f |
f |
|t 0
|l Available Online
|